Statistics for Official Partially Recognised Country Names

Click here to take the quiz!

General Stats

  • This quiz has been taken 7 times
  • The average score is 13 of 18

Answer Stats

HintAnswer% Correct
State of Palestine
100%
AsiaDemocratic People's Republic of Korea
80%
EuropeDonetsk People's Republic
80%
Luhansk People's Republic
80%
People's Republic of China
80%
Republic of Abkhazia
80%
Republic of China
80%
Republic of Cyprus
80%
Republic of Korea
80%
Republic of Kosovo
80%
AfricaRepublic of Somaliland
80%
Republic of South Ossetia
80%
Republic of Armenia
60%
Republic of Artsakh
60%
Sahrawi Arab Democratic Republic
60%
Pridnestrovian Moldavian Republic
40%
State of Israel
40%
Turkish Republic of Northern Cyprus
40%

Score Distribution

Percentile by Number Answered

Percent of People with Each Score

Your Score History

You have not taken this quiz